Statistics for K Footballers

Click here to take the quiz!

General Stats

  • This quiz has been taken 19 times
  • The average score is 9 of 20

Answer Stats

HintAnswer% Correct
Over 100 caps for IrelandKeane
100%
71 goals for GermanyKlose
80%
Real Madrid and Germany midfielderKroos
80%
Managed Newcastle in 1990sKeegan
73%
Welshman who won PL with LeicesterKing
67%
Has scored 20 PL goals in 4 consecutive seasonsKane
67%
Gangly Nigerian starred for Arsenal and PortsmouthKanu
67%
Captained and managed GermanyKlinsmann
60%
World player of the year in 2007Kaka
60%
Ivorian spent 6 years at ChelseaKalou
53%
Australian hero at Elland RoadKewell
47%
Won PL in succesive years with 2 clubsKante
40%
Real Madrid and Germany midfielderKhedira
40%
Serbian striker with Chelsea in 2005-06Kezman
33%
Over 100 caps for NetherlandsKuyt
27%
Scored 2 goals in 1978 World Cup finalKempes
27%
Over 100 caps for IrelandKilbane
7%
Famed for hs long range goals in 70sKrol
0%
Defender with over 100 caps for GermanyKohler
0%
Germanys keeper in 1990 World CupKopke
0%

Score Distribution

Percentile by Number Answered

Percent of People with Each Score

Your Score History

You have not taken this quiz